00549nam a2200169 a 4500001001000000005001700010008004100027050002100068245008900089260003100178300004000209500000900249650001700258650002900275650003100304710004400335BRCA_277220190320203948.0051208s1949----nyua---###---#000-0#eng-u 4aNK835b.P46 194910aPennsylvania German Arts and craftsba picture bookcthe Metropolitan Museum of Art. aNew YorkbThe Museumc1949 a[4] p.bil., [28] láminasc26 cm. aAA8914aArte popular14aAlemanes en Pennsylvania14aArtexIndustria y comercio2 aMetropolitan Museum of Art (Nueva York)